Újraéledő városi terek Helyi kezdeményezések és társadalmi összefogás a közösségi rehabilitációban

Bibliográfiai részletek
Szerző: Lalliaume Luca Elodie
További közreműködők: Benkei-Kovács Dr. Balázs
Dokumentumtípus: Diplomadolgozat
Kulcsszavak:csoport(ok)
közösség
közösségfejlesztés
kultúra
városfejlesztés
Online Access:http://dolgozattar.uni-bge.hu/59944

MARC

LEADER 00000nta a2200000 i 4500
001 dolg59944
005 20260409145759.0
008 260409suuuu hu om 000 hun d
040 |a BGE Dolgozattár Repozitórium  |b hun 
041 |a hu 
100 1 |a Lalliaume Luca Elodie 
245 1 0 |a Újraéledő városi terek  |b Helyi kezdeményezések és társadalmi összefogás a közösségi rehabilitációban  |c Lalliaume Luca Elodie  |h [elektronikus dokumentum] 
520 3 |a A dolgozat a budapesti Margit-negyed városrehabilitációs programját vizsgálja, amelynek célja az üresen álló üzlethelyiségek kulturális célú újrahasznosításán keresztül a helyi közösségi élet fellendítése. A kutatás középpontjában a programban részt vevő kulturális terek működése és társadalmi beágyazottsága áll. A dolgozat azt elemzi, hogyan járulnak hozzá ezek a terek a közösségi aktivitás növeléséhez, milyen formában képesek bevonni a helyi lakosságot, valamint milyen kihívásokkal szembesülnek a program keretében. 
695 |a csoport(ok) 
695 |a közösség 
695 |a közösségfejlesztés 
695 |a kultúra 
695 |a városfejlesztés 
700 1 |a Benkei-Kovács Dr. Balázs  |e ths 
856 4 0 |u http://dolgozattar.uni-bge.hu/59944/1/Lalliaume_Luca_Elodie_Szakdolgozat.pdf  |z Dokumentum-elérés 
856 4 0 |u http://dolgozattar.uni-bge.hu/59944/2/BKB_Lalliaume%20Luca%20Elodie_KSZ%20%C3%A9s%20MH%20b%C3%ADr%C3%A1lati%20lap%202025.pdf  |z Dokumentum-elérés 
856 4 0 |u http://dolgozattar.uni-bge.hu/59944/3/Lalliaume%20Luca%20Elodie_b%C3%ADr%C3%A1lat.pdf  |z Dokumentum-elérés